Công tác xã hội đối với trẻ em có hoàn cảnh đặc biệt từ thực tiễn tỉnh Đồng Tháp Luận văn thạc sĩ công tác xã hội. Chuyên ngành: Công tác xã hội. Mã số: 60.90.01.01

সংরক্ষণ করুন:
গ্রন্থ-পঞ্জীর বিবরন
প্রধান লেখক: Trần, Văn Luận
অন্যান্য লেখক: Phạm, Hữu Nghị (Hướng dẫn)
বিন্যাস: গবেষণাপত্র সজ্জা গ্রন্থ
ভাষা:Vietnamese
প্রকাশিত: Hà Nội Học viện khoa học xã hội 2014
বিষয়গুলি:
ট্যাগগুলো: ট্যাগ যুক্ত করুন
কোনো ট্যাগ নেই, প্রথমজন হিসাবে ট্যাগ করুন!
Thư viện lưu trữ: Trung tâm Học liệu Lê Vũ Hùng, Trường Đại học Đồng Tháp
LEADER 01326ppm a22003138a 4500
001 00033742
005 20171026081025.0
008 151119s2014 ||||||viesd
041 0 # |a vie 
082 1 4 |b C455T  |a 362.7 
100 1 # |a Trần, Văn Luận 
245 0 0 |a Công tác xã hội đối với trẻ em có hoàn cảnh đặc biệt từ thực tiễn tỉnh Đồng Tháp  |b Luận văn thạc sĩ công tác xã hội. Chuyên ngành: Công tác xã hội. Mã số: 60.90.01.01  |c Trần Văn Luận; Phạm Hữu Nghị (hướng dẫn) 
260 # # |a Hà Nội  |b Học viện khoa học xã hội  |c 2014 
300 # # |a 101 tr.  |c 30cm.  |e 1 bản tóm tắt 
500 # # |a ĐTTS ghi: Viện Hàn lâm Khoa học xã hội Việt Nam. Học viện khoa học xã hội 
653 # # |a Công tác xã hội 
653 # # |a Khó khăn 
653 # # |a Đời sống 
653 # # |a Đồng Tháp 
653 # # |a Trẻ em 
653 # # |a Thực tiễn 
700 1 # |a Phạm, Hữu Nghị  |e Hướng dẫn 
852 # # |j LV.0000612 
852 # # |b Kho đọc SĐH  |j LV.0000612 
910 |d 19/11/2015 
980 # # |a Trung tâm Học liệu Lê Vũ Hùng, Trường Đại học Đồng Tháp